Statistiken für Sprachen auf denen Polen beim ESC gesungen hat

Klicken Sie hier um das Quiz zu spielen!

Allgemein

  • Dieses Quiz wurde 67 mal gespielt
  • Das Durchschnittsergebnis liegt bei 4 aus 5

Antwortstatistiken

AnzahlSprache% Korrekt
15Englisch
98%
13Polnisch
98%
2Deutsch
95%
3Russisch
84%
2Spanisch
72%

Verteilung der Resultate

Perzentil nach korrekt beantworteten Fragen

Anzahl Personen mit jedem Resultat

Ihre Resultats-Entwicklung

Sie haben dieses Quiz noch nicht gespielt